| Tag |
First Indicator |
Second Indicator |
Subfields |
| LEADER |
00000cam a2200000 4500 |
| 001 |
in00003873021 |
| 005 |
20190415191835.0 |
| 006 |
m o d |
| 007 |
cr |n||||||||n |
| 008 |
790719s1714 enk|||| o 00||||eng c |
| 035 |
|
|
|a (CU-RivES)T52601
|
| 035 |
|
|
|a (Uk-ES)006424329
|
| 035 |
|
|
|a (OCoLC)508689860
|
| 040 |
|
|
|a Uk-ES
|c Uk-ES
|d CU-RivES
|d CStRLIN
|d CU-RivES
|d Cengage Gale
|d UtOrBLW
|
| 100 |
1 |
|
|a Playford, Henry,
|d 1657-1706?
|
| 245 |
1 |
0 |
|a Wit and mirth or, Pills to purge melancholy :
|b Being a choice collection of the best merry ballads, and above a hundred of the best songs, old and new. Fitted to all humours, having each their proper tune for either voice, or instrument: many of the songs being new sett. Vol. V. To which is also added, a collection of excellent poems.
|
| 264 |
|
3 |
|a London :
|b Printed by William Pearson, and sold by John Young, musical-instrument seller at the Dolphin and Crown in St. Paul's Church-Yard,
|c 1714.
|
| 300 |
|
|
|a 1 online resource (volume 5(12 unnumbered pages, 348 pages))
|
| 336 |
|
|
|a text
|b txt
|2 rdacontent
|
| 337 |
|
|
|a computer
|b c
|2 rdamedia
|
| 338 |
|
|
|a online resource
|b cr
|2 rdacarrier
|
| 500 |
|
|
|a Compiled by Henry Playford.
|
| 500 |
|
|
|a Price on title page: Price Bound, 2s. 6d.
|
| 510 |
4 |
|
|a English Short Title Catalog,
|c T52601.
|
| 500 |
|
|
|a Reproduction of original from British Library.
|
| 500 |
|
|
|a Electronic resource.
|
| 650 |
|
0 |
|a English wit and humor
|v Early works to 1800.
|
| 655 |
|
7 |
|a Electronic books.
|2 local
|
| 710 |
2 |
|
|a Gale (Firm)
|0 http://id.loc.gov/authorities/names/no2008071348
|
| 752 |
|
|
|a Great Britain
|b England
|d London.
|
| 856 |
4 |
0 |
|u http://proxy.library.tamu.edu/login?url=http://find.galegroup.com/ecco/infomark.do?contentSet=ECCOArticles&docType=ECCOArticles&bookId=1483500505&type=getFullCitation&tabID=T001&prodId=ECCO&docLevel=TEXT_GRAPHICS&version=1.0&source=library&userGroupName=txshracd2898
|z Connect to the full text of this electronic book
|t 0
|
| 999 |
f |
f |
|s ecec2942-f16c-3a5e-9093-67ea96691c61
|i d6213bb7-d7b2-3fee-9eaf-9f7ea9654916
|t 0
|
| 952 |
f |
f |
|a Texas A&M University
|b College Station
|c Electronic Resources
|d Available Online
|t 0
|h No information provided
|
| 998 |
f |
f |
|t 0
|l Available Online
|